| 000 | 00852nam a22002537a 4500 | ||
|---|---|---|---|
| 003 | OSt | ||
| 005 | 20260413101728.0 | ||
| 008 | 260413b |||||||| |||| 00| 0 eng d | ||
| 020 | _a0028180089 | ||
| 040 |
_bebl _cGLENCOE McGRAW-HILL _erda |
||
| 041 | _aeng | ||
| 050 |
_aPS 1306 .A1 2000 _b.A1 2000 |
||
| 100 |
_aTwain, Mark, _d1835-1910. _eAUTHOR |
||
| 245 |
_aThe adventures of Tom Sawyer / _cMark Twain. |
||
| 250 | _aFirst edition | ||
| 260 |
_aNew York : _bGlencoe McGraw-Hill, _c2000. |
||
| 300 |
_a250 pages _c24 cm. |
||
| 520 | _aThe adventures of a mischievous boy growing up along the Mississippi River in the fictional town of St. Petersburg, Missouri. | ||
| 650 |
_aBoys _vFiction. |
||
| 650 |
_aMississippi River Valley _vFiction. |
||
| 650 | _adventure stories. | ||
| 655 |
_2lcgft _aBildungsromans. |
||
| 942 |
_2lcc _cBK _e1st ed. _n0 |
||
| 999 |
_c10054 _d10054 |
||